000 00947cam a22002774a 4500
999 _c9954
_d9954
001 9954
003 BD-JhCC
005 20180403192346.0
008 180403s2001 nyuab be 001 0 eng
020 _a0415937248 (alk. paper)
035 _a(BD-JhCC)9954
040 _aDLC
_cDLC
_dDLC
_dBD-JhCC
041 _aeng
050 0 0 _aQ121
_b.E53 2001
082 0 0 _a503
_221
_bENC 2001
245 0 0 _aEncyclopedia of science and technology /
_cJames Trefil, general editor ; contributing editors, Harold Morowitz, Paul Ceruzzi.
260 _aNew York :
_bRoutledge,
_cc2001.
300 _a554 p. :
_bcol. ill., col. maps ;
_c29 cm.
504 _aIncludes bibliographical references and index.
650 0 _aScience
_vEncyclopedias.
650 0 _aTechnology
_vEncyclopedias.
700 1 _aTrefil, James,
_d1938-
856 4 2 _3Publisher description
_uhttp://www.loc.gov/catdir/enhancements/fy0651/2001019983-d.html
942 _2ddc
_cREF